Los refugiados centroamericanos

Guardat en:
Dades bibliogràfiques
Autor corporatiu: Universidad para la Paz
Format: Text
Publicat: Ciudad Colón: Universidad para la Paz
Etiquetes: Afegir etiqueta
Sense etiquetes, Sigues el primer a etiquetar aquest registre!

MARC

LEADER 00000 a a2200000 04500
001 21177
003
040
090 |a 092100  
110 |a Universidad para la Paz  
245 |a Los refugiados centroamericanos  
260 |a Ciudad Colón:   |b Universidad para la Paz  
300 |a 299 p.  
999 |c 5942  |d 5942